[Event "SRI-chB (Women)"]
[Site "Malabe"]
[Date "2015.05.19"]
[Round "1"]
[White "Subasinghe, SMTD"]
[Black "Abeysinghe, HMH Janandani"]
[Result "0-1"]
[WhiteElo "1044"]
[BlackElo "1444"]
[PlyCount "122"]
[EventDate "2015.05.19"]
[EventType "swiss"]
[EventRounds "10"]
[EventCountry "SRI"]
[SourceTitle "EXT 2016"]
[Source "ChessBase"]
[SourceDate "2015.10.08"]
[SourceVersion "1"]
[SourceVersionDate "2015.10.08"]
[SourceQuality "1"]

1. e4 c5 2. Nf3 d6 3. d4 cxd4 4. Nxd4 g6 5. Nc3 Bg7 6. Be3 Nf6 7. Be2 Nc6 8. Qd2 0-0 9. 0-0-0 Bd7 10. f3 a6 11. Kb1 Rc8 12. Rhe1 Ne5 13. a3 Nc4 14. Bxc4 Rxc4 15. Qd3 b5 16. b3 Rc8 17. Bf4 e5 18. Bxe5 dxe5 19. Nde2 Qc7 20. g4 b4 21. g5 bxc3 22. gxf6 Bb5 23. Qxc3 Qxc3 24. Nxc3 Rxc3 25. fxg7 Kxg7 26. a4 Bc6 27. Rd6 Rc8 28. Rf1 Rxc2 29. Kxc2 Bb5+ 30. Kb2 Bxf1 31. Rd5 Re8 32. h4 Be2 33. Rd6 Re6 34. Rd5 Bxf3 35. Ra5 Bxe4 36. b4 Bc6 37. Rxa6 Bxa4 38. Rxa4 f5 39. b5 Rb6 40. Rb4 Kf6 41. Kc3 g5 42. hxg5+ Kxg5 43. Kc4 f4 44. Kc5 Rb8 45. b6 Kf5 46. Kc6 e4 47. b7 e3 48. Kc7 Rxb7+ 49. Kxb7 e2 50. Rb1 f3 51. Re1 f2 52. Rxe2 f1Q 53. Re7 Qb5+ 54. Kc7 Qc5+ 55. Kd7 Qxe7+ 56. Kxe7 h5 57. Kd6 h4 58. Kd5 h3 59. Kd4 h2 60. Kd5 h1Q+ 61. Kd6 Qe4 0-1